| 000 | 00840nam a22002537a 4500 | ||
|---|---|---|---|
| 005 | 20201128021109.0 | ||
| 008 | 141016t1988 xxua frb 001 0 eng d | ||
| 020 | _a9780071004992 | ||
| 020 | _a0071004998 | ||
| 040 | _aEG-ScBUE | ||
| 082 | 0 | 0 |
_222 _a621.43 _bHEY |
| 100 | 1 |
_aHeywood, John B. _936237 |
|
| 245 | 1 | 0 |
_aInternal combustion engine fundamentals / _cJohn B. Heywood. |
| 250 | _aMcGraw-Hill international ed. | ||
| 260 |
_aNew York, United States : _bMcGraw-Hill Book Company, _cc.1988 _e([Singapore]) |
||
| 300 |
_axxix, 930 p. : _bill. ; _c24 cm. |
||
| 490 | 0 | _aAutomotive Technology Series | |
| 500 | _aIndex : p. 917-930. | ||
| 504 | _aIncludes bibliographical references. | ||
| 650 | 0 |
_aInternal combustion engines _92696 |
|
| 653 |
_bENGMEC _cOctober2014 |
||
| 655 |
_vreading book _934232 |
||
| 942 |
_2ddc _k621.43 HEY |
||
| 999 |
_c18464 _d18436 |
||